| 000 | 00864cam a2200277 4500 | ||
|---|---|---|---|
| 008 | 000000n2000 000 0 eng u | ||
| 020 | _a189976948X | ||
| 035 | _a(Sirsi) u106896 | ||
| 050 | _a333.332 | ||
| 100 | _aWiggins, K. P. | ||
| 245 | _aDiscounted cash flow : the principles and the practice - a CPD study pack | ||
| 260 |
_aReading _bCollege of Estate Management _c2000 |
||
| 300 |
_av,44p. _c30cm. |
||
| 350 | _a34.50 | ||
| 490 | _aCollege of Estate Management CPD Study Pack | ||
| 520 | _aIncludes a disk which is not available for loan. Does not include an audio cassette. | ||
| 650 | _aDISCOUNTED CASH FLOW | ||
| 650 | _aCASHFLOW | ||
| 650 | _aCALCULATION OF WORTH | ||
| 650 | _aLIFE CYCLE COSTING | ||
| 650 | _aDCF | ||
| 650 | _aINVESTMENT | ||
| 650 | _aCPD | ||
| 690 | _aPROPERTY-PROPERTY APPRAISAL AND VALUATION | ||
| 942 | _n0 | ||
| 999 |
_c100636 _d100636 |
||